Pulse (Record no. 109743)

MARC details
000 -LEADER
fixed length control field 01017cad a22002295a 4500
001 - CONTROL NUMBER
control field E147833
008 - FIXED-LENGTH DATA ELEMENTS--GENERAL INFORMATION
fixed length control field 090623e20090615xxk f 000 0 eng d
035 ## - SYSTEM CONTROL NUMBER
System control number (Sirsi) u147833
041 0# - LANGUAGE CODE
Language code of text/sound track or separate title eng
050 04 - LIBRARY OF CONGRESS CALL NUMBER
Classification number 333.33 $2 18
110 2# - MAIN ENTRY--CORPORATE NAME
Corporate name or jurisdiction name as entry element Jones Lang LaSalle
9 (RLIN) 3755
245 00 - TITLE STATEMENT
Title Pulse
Remainder of title global market perspective
Medium [electronic resource]
260 ## - PUBLICATION, DISTRIBUTION, ETC.
Place of publication, distribution, etc. [S.l.]
Name of publisher, distributor, etc. Jones Lang LaSalle
Date of publication, distribution, etc. 2009
490 #0 - SERIES STATEMENT
Series statement Pulse
-- Global Market Perspective
Volume/sequential designation (2)6 15 June 2009
520 ## - SUMMARY, ETC.
Summary, etc. Latest issue of this regular bulletin looks at the impact of economic stabilization on property markets across the globe, and discusses the outlook for the future.
521 ## - TARGET AUDIENCE NOTE
Target audience note Advanced
590 ## - LOCAL NOTE (RLIN)
Local note KA
651 #4 - SUBJECT ADDED ENTRY--GEOGRAPHIC NAME
Geographic name International
690 ## - LOCAL SUBJECT ADDED ENTRY--TOPICAL TERM (OCLC, RLIN)
Topical term or geographic name as entry element PROPERTY-COMMERCIAL PROPERTY-COMMERCIAL PROPERTY MARKET
856 40 - ELECTRONIC LOCATION AND ACCESS
Uniform Resource Identifier <a href="https://www.joneslanglasalle.com/Pages/ResearchDetails.aspx?TopicName=&ItemID=2193&ResearchTitle=Global%20Market%20Perspective%20-%20June%2015,%202009">https://www.joneslanglasalle.com/Pages/ResearchDetails.aspx?TopicName=&ItemID=2193&ResearchTitle=Global%20Market%20Perspective%20-%20June%2015,%202009</a>
Public note View the bulletin free of charge at www.joneslanglasalle.com...
942 ## - ADDED ENTRY ELEMENTS (KOHA)
Suppress in OPAC 0
Holdings
Withdrawn status Lost status Source of classification or shelving scheme Damaged status Not for loan Home library Current library Shelving location Date acquired Total Checkouts Full call number Barcode Date last seen Copy number Price effective from Koha item type
    Dewey Decimal Classification     Virtual Virtual Online 23/06/2009   ONLINE PUBLICATION 147833-2001 06/08/2019 1 06/08/2019 Book